000 00343nam a2200145Ia 4500
008 230718s9999 xx 000 0 und d
041 _aEng.
082 _a34823
_bZAI-I
100 _aZaidi, prof . Waisif
245 0 _aInterperetation of status
260 _aPakistan
_bIrfan law book
_c2003
300 _a207
650 _aLaw
999 _c28270
_d28270